000 00907nam a2200253Ia 4500
003 OSt
005 20221005112422.0
006 a|||||r|||| 00| 0
007 ta
008 221004b |||||||| |||| 00| 0 pan d
020 _a9789382245094 (hbk)
_c160
024 _a14904
037 _b823, 13/03/2014, H.K. Prakashan
_cTextual
040 _aCRL
_cCRL
_bpan
041 _2pan
_apan
082 _aAx, 153Q2
100 _aਧੀਰ, ਕੁਲਦੀਪ ਸਿੰਘ
245 0 _aਉਰਜਾ ਦੀ ਵਿਚਿਤਰ ਦੂਨੀਆ
260 _aਚੰਡੀਗੜ
_bਸਾਈ੍ਵਸ ਐ੍ਵਡ ਜਨਰਲ ਪਬਲਿਕੇFਨਗ਼ ਭਾਰਤ
_c2012
300 _a124ਪੰ
_ccm.
650 _aਪੰਜਾਬੀ ਸਾਹਿਤ
942 _hAx, 153Q2
_cTEXL
_2cc
999 _c1024831
_d1024831